[Event "IRI-chT"]
[Site "Iran"]
[Date "2005.05.27"]
[Round "2"]
[White "Pourkashiyan, Atousa"]
[Black "Banirashid, Saeid"]
[Result "1/2-1/2"]
[WhiteElo "2261"]
[BlackElo "2242"]
[PlyCount "105"]
[EventDate "2005.05.26"]
[EventType "team"]
[EventRounds "11"]
[EventCountry "IRI"]
[SourceTitle "CBM 106 Extra"]
[Source "ChessBase"]
[SourceDate "2005.07.01"]
[SourceVersion "1"]
[SourceVersionDate "2005.07.01"]
[SourceQuality "1"]

1. e4 c5 2. Nf3 Nc6 3. d4 cxd4 4. Nxd4 Nf6 5. Nc3 e5 6. Ndb5 d6 7. Bg5 a6 8. Na3 b5 9. Nd5 Be7 10. Bxf6 Bxf6 11. c3 Bg5 12. Nc2 Ne7 13. Nce3 Bxe3 14. Nxe3 Bb7 15. a4 0-0 16. Bd3 Qd7 17. 0-0 Bc6 18. Nd5 Bxd5 19. exd5 f5 20. axb5 e4 21. Be2 axb5 22. Qb3 Rab8 23. f3 exf3 24. Rxf3 Qc7 25. Kh1 Qc5 26. Ra5 Qxd5 27. Qxd5+ Nxd5 28. Rxb5 Nc7 29. Rxb8 Rxb8 30. b4 g6 31. Rd3 Rb6 32. Kg1 Kf7 33. c4 Rxb4 34. Rxd6 Ke7 35. Rd2 Ne6 36. Kf2 Nc5 37. Rd5 Ne4+ 38. Ke3 Nc3 39. Re5+ Kd6 40. Kd4 Nxe2+ 41. Rxe2 Ra4 42. Rb2 Kc6 43. Rc2 Ra7 44. Ke5 Kc5 45. Kf6 Rb7 46. Kg5 Rf7 47. Kh6 f4 48. Rc3 Kd4 49. Rf3 Kxc4 50. g3 Kd5 51. Rxf4 Rxf4 52. gxf4 Ke4 53. Kxh7 1/2-1/2